| 000 | 00433nam a22001697a 4500 | ||
|---|---|---|---|
| 003 | NUST - PNEC | ||
| 005 | 20170116181140.0 | ||
| 008 | 151008b xxu||||| |||| 00| 0 eng d | ||
| 020 | _a0873895053 | ||
| 040 | _cLIBRARY | ||
| 082 | _a658.562 SIN | ||
| 100 |
_914578 _aSinba N.Madbav |
||
| 245 |
_aThe est On Quality _cMadbav,Sinba N |
||
| 260 | _cc 2001 | ||
| 650 |
_914579 _aTotal quality management _xGeneral |
||
| 942 |
_2ddc _cBK |
||
| 999 |
_c70448 _d70448 |
||